| 000 | 00789nam a22002297a 4500 | ||
|---|---|---|---|
| 003 | BUBTL | ||
| 008 | 240320b ||||| |||| 00| 0 eng d | ||
| 020 | _a984843061x | ||
| 041 | _aEnglish | ||
| 082 | _a340/ R1293m/ 2005 | ||
| 100 |
_95292 _aরহমান, গাজী শামছুর |
||
| 245 |
_aমাইনর এ্যাক্টস্/ _bগাজী শামছর রহমান, আশরাফুল আলম |
||
| 250 | _a৪র্থ সং | ||
| 260 |
_aঢাকা _bকামরুল বুক হাউস _c2005 |
||
| 300 |
_a[x], 1262 p. : _bill. ; 21 cm. |
||
| 526 | _aLaw | ||
| 650 | 0 |
_926 _aLaw |
|
| 700 |
_95765 _aআশরাফুল আলম |
||
| 856 |
_k0 _l0 _yDownload |
||
| 942 |
_2ddc _cBK |
||
| 999 |
_c7277 _d7277 |
||